| 000 | 00710nam a2200253Ia 4500 | ||
|---|---|---|---|
| 003 | OSt | ||
| 005 | 20220926032659.0 | ||
| 006 | a|||||r|||| 00| 0 | ||
| 007 | ta | ||
| 008 | 220923b |||||||| |||| 00| 0 eng d | ||
| 020 | _a90 6193 079 0 | ||
| 037 | _cGeneral Book | ||
| 040 |
_aRTL _cRTL _beng |
||
| 041 |
_2eng _aeng |
||
| 082 | _aU3:(G:5).937.N7, L5 | ||
| 100 |
_aKuschel G Ed. _9337790 |
||
| 245 | 0 | _aBiogeography and ecology in New Zealand | |
| 260 |
_aThe Hague _bW Junk _c1975 |
||
| 300 |
_axvi, 689p _ccm. |
||
| 490 | _aMonographiae Biologicae; 27 | ||
| 650 | _aBiogeography | ||
| 942 |
_hU3:(G:5).937.N7, L5 _cGB _2CC |
||
| 999 |
_c655315 _d655315 |
||